| 000 | 01001cam a2200277 i 4500 | ||
|---|---|---|---|
| 999 |
_c3718 _d3718 |
||
| 001 | 394511 | ||
| 003 | ALUPE UNIVERSITY | ||
| 005 | 20220203062428.0 | ||
| 008 | 800703s1980 flu b 001 0 eng | ||
| 010 | _a 79092168 | ||
| 020 | _a0815101066 | ||
| 040 |
_aDLC _cALUPE UNIVERSITY _dDLC |
||
| 050 | 0 | 0 |
_aRD85.I6 _b.T73 1980 |
| 082 | 0 | 0 |
_a617/.962 _219 |
| 245 | 0 | 0 |
_aTrends in intravenous anesthesia / _ceditors, J. Antonio Aldrete, Theodore H. Stanley. |
| 260 |
_aMiami, FL : _bSymposia Specialists ; _aChicago, IL. : _bdistributed by Year Book Medical Publishers, _cc1980. |
||
| 300 |
_axviii, 525 : _bgraphs ; _c24 cm. |
||
| 490 | 1 | _aA Home study textbook program | |
| 504 | _aIncludes bibliographical references and index. | ||
| 650 | 0 | _aIntravenous anesthesia. | |
| 700 | 1 | _aAldrete, J. Antonio. | |
| 700 | 1 |
_aStanley, Theodore H. _q(Theodore Henry), _d1940-2017. |
|
| 830 | 0 | _aHome study textbook program. | |
| 906 |
_a7 _bcbc _corignew _d2 _eopcn _f19 _gy-gencatlg |
||
| 942 |
_2lcc _cBK _nBA |
||